BGMEA University of Fashion and Technology
University Library

Introduction to accounting : (Record no. 2967)

MARC details
000 -LEADER
fixed length control field 01104cam a2200385 a 4500
001 - CONTROL NUMBER
control field 2967
003 - CONTROL NUMBER IDENTIFIER
control field BD-DhBUF
005 - DATE AND TIME OF LATEST TRANSACTION
control field 20260118130332.0
008 - FIXED-LENGTH DATA ELEMENTS--GENERAL INFORMATION
fixed length control field 960604s1997 ilua 001 0 eng
010 ## - LIBRARY OF CONGRESS CONTROL NUMBER
LC control number 96020987
020 ## - INTERNATIONAL STANDARD BOOK NUMBER
International Standard Book Number 0256123837
Qualifying information combined vols.
020 ## - INTERNATIONAL STANDARD BOOK NUMBER
International Standard Book Number 025623308X
Qualifying information vol. 1
020 ## - INTERNATIONAL STANDARD BOOK NUMBER
International Standard Book Number 0256233748
Qualifying information vol. 2
020 ## - INTERNATIONAL STANDARD BOOK NUMBER
International Standard Book Number 9780256123838
Qualifying information (combined vols.)
020 ## - INTERNATIONAL STANDARD BOOK NUMBER
International Standard Book Number 9780256233742
Qualifying information (vol. 2)
035 ## - SYSTEM CONTROL NUMBER
System control number 3052401
040 ## - CATALOGING SOURCE
Original cataloging agency DLC
Transcribing agency DLC
Modifying agency DLC
050 00 - LIBRARY OF CONGRESS CALL NUMBER
Classification number HF5635
Item number .I655 1997
082 00 - DEWEY DECIMAL CLASSIFICATION NUMBER
Classification number 657
Edition number 20
100 ## - MAIN ENTRY--PERSONAL NAME
Personal name Ainsworth, Penne.
9 (RLIN) 356
245 00 - TITLE STATEMENT
Title Introduction to accounting :
Remainder of title an integrated approach /
Statement of responsibility, etc. Penne Ainsworth ... [et al.].
250 ## - EDITION STATEMENT
Edition statement 1st ed.
260 ## - PUBLICATION, DISTRIBUTION, ETC.
Place of publication, distribution, etc. Boston :
Name of publisher, distributor, etc. Irwin,
Date of publication, distribution, etc. 1997.
300 ## - PHYSICAL DESCRIPTION
Extent 2 v. :
Other physical details col. ill. ;
Dimensions 28 cm.
336 ## - CONTENT TYPE
Content type term text
Content type code txt
Source rdacontent
337 ## - MEDIA TYPE
Media type term unmediated
Media type code n
Source rdamedia
338 ## - CARRIER TYPE
Carrier type term volume
Carrier type code nc
Source rdacarrier
500 ## - GENERAL NOTE
General note Includes index.
526 ## - STUDY PROGRAM INFORMATION NOTE
Program name BBA
650 #0 - SUBJECT ADDED ENTRY--TOPICAL TERM
Topical term or geographic name entry element Accounting.
700 1# - ADDED ENTRY--PERSONAL NAME
Personal name Deines, Dan
9 (RLIN) 4303
700 1# - ADDED ENTRY--PERSONAL NAME
Personal name Plumlee, R. David
9 (RLIN) 4304
700 1# - ADDED ENTRY--PERSONAL NAME
Personal name Larson, Cathy Xanthaky
9 (RLIN) 197
942 ## - ADDED ENTRY ELEMENTS (KOHA)
Source of classification or shelving scheme Dewey Decimal Classification
Koha item type Books
Holdings
Withdrawn status Lost status Source of classification or shelving scheme Damaged status Not for loan Home library Current library Date acquired Total Checkouts Full call number Barcode Date last seen Copy number Price effective from Koha item type
    Dewey Decimal Classification     BUFT Library BUFT Library 07/11/2001   657 A296i 1997 2001-0553 01/18/2026 C-1 01/18/2026 Books
Copyright © 2019-2023 | BUFT Library
BGMEA University of Fashion and Technology
Library Home | University Home
| Maintained by Library Team